000 00678nam a2200217Ia 4500
001 14050
003 GE_BSU
008 181216s||||||||xx |||||||||||||| ||und||
040 _cGE_BSU
080 _a625.17(075)
100 _aАльбрехт,В.Г. Дановский,Л.М. Колесников,П.И. и др.
245 _aПутевые работы и машины.
245 _bУчеб.
245 _cПод ред. Г.В.Лидерса.
260 _aМ.
260 _bТранспорт.
260 _c1969.
300 _a287 стр. 22 см. с илл. Библиогр.: стр. 283..
653 _aПутевые работы и машины.
942 _cBK
999 _c47191
_d47191